01317cam a2200277 a 450000100060000000300080000600500170001400800410003103500190007203500200009104000320011104100080014308200210015110000390017224501290021126000540034030000250039450400200041965000290043994200120046899900170048095201460049795201250064395201430076895201280091133800BD-RjUL20211209052048.0140511r19511937enk 001 0 eng d a(BD-RjUL)33891 a(OCoLC)11723644 aDLCcAZUdOCLdBD-RjULbeng aeng a361.1bHUE 19511 aHuxley, Aldousd1894-1963.910263910aEnds and means :ban enquiry into the nature of ideals and into the methods employed for their realization /cAldous Huxley. aLondon :bChatto & Windus,c1937 [Reprinted1951]. a[6] 335 p. ;c22 cm. aIncludes index. 0aSocial problems.9102640 2ddccBK c33800d33800 00102ddc40718NFICaRUCLbRUCLcReadingd1956-02-11eO.B.M stationaryg6.00l0o361.1 HUE 1951r2014-05-11 00:00:00tC-1w2021-12-09yBK 00102ddc40708NFICaRUCLbRUCLcStackd0000-00-00g7.00l0o361.1 HUE 1951r2014-05-12 00:00:00tC-2w2021-12-09yBK 00102ddc40708NFICaRUCLbRUCLcStackd1956-02-11eO.B.M stationaryg6.00l0o361.1 HUE 1938r2014-05-25 00:00:00tC-3w2021-12-09yBK 00102ddc40708NFICaRUCLbRUCLcStackd1966-04-20eAuskahal0o361.1 HUE 1940r2016-07-30 00:00:00tC-4w2016-07-30yBK